Calderara e gruppo 1 : carrino, frasca e uncini /
| Hlavní autor: | Argan, Giulio Carlo, 1909-1992 |
|---|---|
| Jazyk: | Němčina Italština Angličtina |
| Vydáno: |
Milano : Vanni scheiwiller, 1966 |
| Edice: |
Documenti di arte astratta
|
| Fyzický popis: |
1 svazek (nestránkováno), obrazové přílohy : ilustrace |
| Language note: |
Souběžný anglický a německý |
| LEADER | 00960nam a22002777i 4500 | ||
|---|---|---|---|
| 001 | 001598942 | ||
| 003 | CZ BrMZK | ||
| 005 | 20171207073245.0 | ||
| 007 | ta | ||
| 008 | 171011s1966 it af er|||||||||||ita d | ||
| 040 | |a BOA001 |b cze |e rda | ||
| 041 | 1 | |a ita |a eng |a ger |h ita | |
| 100 | 1 | |a Argan, Giulio Carlo, |d 1909-1992 |7 jn20010601089 |4 aut | |
| 245 | 1 | 0 | |a Calderara e gruppo 1 : |b carrino, frasca e uncini / |c Carlo Giulio Argan |
| 264 | 1 | |a Milano : |b Vanni scheiwiller, |c 1966 | |
| 300 | |a 1 svazek (nestránkováno), obrazové přílohy : |b ilustrace | ||
| 336 | |a text |b txt |2 rdacontent | ||
| 337 | |a bez média |b n |2 rdamedia | ||
| 338 | |a svazek |b nc |2 rdacarrier | ||
| 490 | 1 | |a Documenti di arte astratta ; |v 1 | |
| 546 | |a Souběžný anglický a německý | ||
| 830 | 0 | |a Documenti di arte astratta | |
| 910 | |a BOA001 |b X-0626.492 | ||
| 990 | |a BK | ||
| 991 | |b 201710 | ||
| 996 | 7 | |b 2618918172 |c X-0626.492 |l MZK |r Sklad / do 24 hodin |n 0 |w 001634427 |u 000010 |a 1 |e BOA001 |j MZK50 |s A | |
English
Čeština 